|
|
|
|
| LEADER |
00000nam a2200000 a 4500 |
| 001 |
vtls009479632 |
| 003 |
SK-MaSNL |
| 005 |
20260301024632.0 |
| 008 |
240318s2008 xo dl d p 000 0 slo |
| 015 |
|
|
|a SNBA2009/04-02090
|
| 020 |
|
|
|a 9788022526227
|q (brož.)
|
| 035 |
|
|
|a BF020696-B8C7-44A4-B523-3C91CD79C918
|
| 035 |
|
|
|a urn:nbn:sk:snk-aml0e3
|
| 035 |
|
|
|a urn:nbn:sk:snk-am008nip
|
| 040 |
|
|
|a SNK
|b slo
|c SNK
|e AACR2
|
| 041 |
0 |
|
|a slo
|
| 044 |
|
|
|a xo
|c SK
|
| 072 |
|
7 |
|a 005
|x Manažment. Riadenie
|2 konspekt
|
| 072 |
|
7 |
|a 37.016
|x Učebné osnovy. Vyučovacie predmety. Učebnice
|2 konspekt
|
| 080 |
|
|
|a 005.35
|2 2001
|
| 080 |
|
|
|a (07)
|2 2001
|
| 100 |
1 |
|
|a Porvazník, Ján,
|d 1941-
|4 aut
|9 253589
|
| 245 |
1 |
0 |
|a Spoločenská zodpovednosť organizácií
|b študijné texty : [ ... KEGA č. 3/4237/06 MŠ SR]
|c Ján Porvazník a kol.
|
| 246 |
1 |
1 |
|a Corporate social responbility
|
| 250 |
|
|
|a [1. vyd.]
|
| 260 |
|
|
|a Bratislava
|b Ekonóm
|c 2008
|
| 300 |
|
|
|a 85 s.
|b grafy, tab.
|c 21 cm
|
| 504 |
|
|
|a Bibliogr. s. 83-85. Pozn.
|
| 650 |
0 |
7 |
|a spoločenská zodpovednosť podnikov
|2 SNKPH
|9 101025
|
| 655 |
|
7 |
|a učebné texty
|2 SNKPH
|9 70568
|
| 919 |
|
|
|a 978-80-225-2622-7
|
| 958 |
|
|
|a NB
|
| 958 |
|
|
|a OND
|
| 968 |
|
|
|d 0
|
| 999 |
|
|
|c 571521
|d 573451
|
| 952 |
|
|
|a SNK
|b SNK
|y PREZ
|7 0
|p 17A0613351
|o snkSC 134793
|i snk2009/4314
|8 0
|0 0
|1 0
|4 0
|d 2009-03-04
|f 1
|l 0
|r 2025-07-01 00:00:00
|w 2026-02-23
|
| 952 |
|
|
|a SNK
|b SNK
|y VYP
|7 0
|p 17A0613352
|o snkSC 134793 D1
|i snk2009/4315
|8 0
|0 0
|1 0
|4 0
|d 2009-03-04
|l 0
|r 2026-02-23 14:18:54
|w 2026-02-23
|